000 00520nam a2200157 i 4500
001 97483
003 ES-MaACL
007 t|
008 050712s1974 sp ||||1| spa d
100 1 _aMarcilla Arrazola, Juan.
_976447
245 1 0 _aTratado práctico de viticultura y enología española /
_cJuan Marcilla Arrazola.
260 _aMadrid :
_bSaeta,
_c1974.
300 _a1 v. :
_bil. ;
_c24 cm.
505 8 _aContiene: v. I.- Falta. v. II.- Enología. Séptima edicción. 517 p.
852 _aES-MaACL
_jE-7608
_bR.91986
999 _c97483
_d97483